000 00732nam a2200289Ia 4500
005 20260324123756.0
008 008 260324s9999 xx 000 0 eng d
020 _a9780203839102
037 _aEBOOK
040 _aCRL
040 _beng
040 _cCRL
041 _2eng
041 _aeng
084 _qCRL
100 _aJoseph Deutsch; Jacques Silber
_91171609
245 4 _aThe Measurement of Individual Well-Being and Group Inequalities
245 0 _bEssays in Memory of Z. M. Berrebi
260 _bTaylor and Francis
260 _c2011
365 _a
365 _b255
856 _uhttp://www.taylorfrancis.com/books/9780203839102
942 _cEBOOK
999 _c1765412
_d1765412